000 00635nam a2200181Ia 4500
003 GCL
005 20240530105213.0
008 140319s9999 xx 000 0 ara d
040 _aGCL /
_cGCL
082 0 4 _a323.63
_bإ د
100 1 _aابراهيم سعدالدين
245 1 0 _aالدولة ودورها فى النشاط الاقتصادى فى الوطن العربى /
_cابراهيم سعدالدين(واخ ...) ؛ تحرير على نصار
260 _a[S.N] :
_bدار الرازى للطباعة والنشر ،
_c1991
300 _a52 ص
650 0 4 _aالسياسة
650 0 4 _aالدولة
942 _2ddc
_cBK
999 _c53920
_d53920